| 000 | 00772cam a2200253 a 4500 | ||
|---|---|---|---|
| 001 | 57665 | ||
| 003 | BD-RjUL | ||
| 005 | 20211209080535.0 | ||
| 008 | 111216s2013 ilua b 001 0 eng d | ||
| 020 | _a1577668278 | ||
| 035 | _a(BD-RjUL) 57789 | ||
| 040 |
_aYDXCP _beng _cYDXCP _dBTCTA _dOCLCQ _dBD-RjUL |
||
| 041 | _aeng | ||
| 082 | 0 | 4 |
_a302.35 _223 _bJOB 2013 |
| 100 | 1 |
_aJordan, Ann.T. _9171247 |
|
| 245 | 1 | 0 |
_aBusiness anthropology / _cAnn T. Jordan. |
| 250 | _a2nd ed. | ||
| 260 |
_aLong Grove, Ill. : _bWaveland Press, _c©2013. |
||
| 300 |
_a 150 p. : _bill. ; _c23 cm |
||
| 504 | _aIncludes bibliographical references (pages 134-143) and index. | ||
| 650 | 0 |
_aBusiness anthropology. _9171248 |
|
| 650 | 7 |
_aBusiness anthropology. _2fast _9171248 |
|
| 942 |
_2ddc _cBK |
||
| 999 |
_c57665 _d57665 |
||